00420nam a2200133Ia 4500003000900000008004100009040001600050080002000066100003000086245007300116260004800189300001000237650003900247IN-BaIIA211028s9999 xx 000 0 eng d cIIA Library a(058)50bIND-07 aIndian Academy of Science 0aIndian academy of sciencebyear book 2007cIndian Academy of Science aBangalorebIndian Academy of Sciencesc2007 a213p. aYearbook-Indian Academy of Science